000 01640nam a22002897a 4500
003 DO-SdBNP
005 20220225112204.0
008 210217b 1999 dr 00| 0 spa d
020 _a9768175524
040 _aBPMSU
_bspa
_cBPMSU
082 _a325.210943097293
_bD582e
_222
100 1 _aMarte Roberto
_d
245 _aEscritos autobiográficos sobre Santo Domingo /
_cHidel Domin ; versión Roberto Marte ; traductor MoniKa Hartung
260 _aSanto Domingo :
_bLibrería la Trinitaria,
_c1999
300 _a97 p. ;
_c21 cm.
500 _aincluye datos biográfico de los autores en la contraportada.
500 _aIncluye referencias bibliográficas y notas al pie de páginas.
505 0 _aHilde Domin: La diosa de la lengua -- Mis Moradas: -- Relatos sobre una isla: Contados para niños -- Mas pormenores sobre Gogh, el de una oreja -- La hora de la verdad: Deliberación policial sobre Gogh -- Repatriación -- No más plátanos: Relato sobre el fin de la guerra -- Libros: “Grillos” .
590 _6Inventariado, 2021/MC
650 4 _a Alemanes en Santo Domingo
650 4 _aRefugiados alemanes
_xRelatos personales
651 4 _aRepública Dominicana
_xMigración e inmigración
700 1 _aDomin, Hidel
_d1912-
700 1 _aHartung, Monika
_etr.
910 _aMCabrera/V Mateo V.
942 _2ddc
_cBK
999 _c13374
_d13374